Výber bilančnej politiky v nadväznosti na právnu úpravu účtovníctva

Povinnosti účtovnej jednotky účtujúcej v sústave podvojného účtovníctva. Konkrétne oblasti voľby účtovných postupov a metód. Tvorba vnútorných opatrení, ktoré znižujú riziká podvodu. Interné kontrolné systémy a audit.

Salvato in:
Dettagli Bibliografici
Autore principale: Domaracká, Denisa
Altri autori: Stanková, Adriana, 1990-
Natura: Capitolo di libro
Lingua:slovacco
Soggetti:
Tags: Aggiungi Tag
Nessun Tag, puoi essere il primo ad aggiungerne!!

MARC

LEADER 00000naa$a2200000$$$4500
001 0207877
005 20240502073446.3
041 0 |a slo 
044 |a SK 
245 1 0 |a Výber bilančnej politiky v nadväznosti na právnu úpravu účtovníctva  |c Denisa Domaracká, Adriana Stanková 
520 |a Povinnosti účtovnej jednotky účtujúcej v sústave podvojného účtovníctva. Konkrétne oblasti voľby účtovných postupov a metód. Tvorba vnútorných opatrení, ktoré znižujú riziká podvodu. Interné kontrolné systémy a audit. 
610 2 0 |a systémy účtovné 
610 2 0 |a metódy účtovné 
610 2 0 |a postupy účtovné 
610 2 0 |a jednotka účtovná 
610 2 0 |a účtovníctvo podvojné 
610 2 0 |a revízia 
610 2 0 |a audit 
100 1 |a Domaracká, Denisa 
700 1 |a Stanková, Adriana, 1990-